[Event "Titled Tue 24th Jun Early"]
[Site "chess.com INT"]
[Date "2025.06.24"]
[Round "4"]
[White "Akhmedov, David"]
[Black "Gonzalez Guedes, Iyan"]
[Result "1-0"]
[WhiteTitle "FM"]
[BlackTitle "FM"]
[WhiteElo "2447"]
[BlackElo "2238"]
[WhiteFideId "34220194"]
[BlackFideId "24524131"]
[EventDate "2025.06.24"]

1. d4 Nf6 2. c4 d6 3. Nf3 g6 4. Nc3 Bg7 5. g3 O-O 6. Bg2 Nbd7 7. O-O e5 8. e4
exd4 9. Nxd4 Re8 10. h3 a6 11. Re1 Rb8 12. Be3 Ne5 13. b3 c5 14. Nde2 b5 15.
cxb5 axb5 16. f4 Ned7 17. Qc2 b4 18. Nd1 Nxe4 19. Rc1 Qe7 20. Nf2 Ndf6 21. g4
Ba6 22. g5 Nxf2 23. Bxf2 Nh5 24. Ng3 Qc7 25. Nxh5 gxh5 26. Be4 h6 27. Qd1 Rxe4
28. Rxe4 Bb7 29. Rxb4 Qc6 30. Rxb7 Rxb7 31. gxh6 Bxh6 32. Qxh5 Bg7 33. Re1 Rb4
34. Qg5 Re4 35. Rxe4 Qxe4 36. Qd8+ Kh7 37. Qxd6 Qb1+ 38. Kh2 Qxa2 39. Qd3+ Kg8
40. Kg3 Qa8 41. Bxc5 Qc6 42. b4 Kh8 43. h4 Qf6 44. h5 Kg8 45. b5 Qh6 46. Qd8+
Kh7 47. Qd5 Qf6 48. Qd3+ Kh8 49. b6 Qc6 50. Qf5 Bh6 51. Bd4+ 1-0

[Event "Titled Tue 24th Jun Early"]
[Site "chess.com INT"]
[Date "2025.06.24"]
[Round "4"]
[White "Alonso Orta, Osiel Alberto"]
[Black "Guerrero Cataldo, Juan Andres"]
[Result "1-0"]
[WhiteTitle "FM"]
[BlackTitle "CM"]
[WhiteElo "2280"]
[BlackElo "2082"]
[WhiteFideId "3531279"]
[BlackFideId "3421260"]
[EventDate "2025.06.24"]

1. e4 c5 2. Nf3 Nc6 3. d4 cxd4 4. Nxd4 e6 5. Nc3 Qc7 6. g3 a6 7. Bg2 Nf6 8. O-O
Bc5 9. Nb3 Ba7 10. Bf4 Ne5 11. Qe2 d6 12. Rfd1 b5 13. a3 Nfg4 14. Rf1 Bb7 15. h3
Nf6 16. Rfd1 Rg8 17. Rd2 g5 18. Bxe5 dxe5 19. Rad1 h5 20. Qf3 Ke7 21. g4 hxg4
22. hxg4 Rad8 23. Qg3 Rxd2 24. Rxd2 Rc8 25. Nc1 Bd4 26. N1e2 Qc5 27. Qd3 Rd8 28.
Nxd4 exd4 29. Ne2 e5 30. Ng3 Qc4 31. Nf5+ Ke6 32. Ng7+ Ke7 33. Nf5+ Kf8 34. Qh3
Ke8 35. Qh8+ Kd7 36. Qxf6 Qe6 37. Qxg5 Bc6 38. Ng3 Re8 39. Qf5 a5 40. Qxe6+ fxe6
41. g5 Rg8 42. c3 Rxg5 43. cxd4 exd4 44. Rxd4+ Kc7 45. Rd2 Kb6 46. f4 Rxg3 47.
Rd6 Kc5 48. Rxe6 b4 49. axb4+ axb4 50. f5 Re3 51. f6 Bd7 52. f7 Bxe6 53. f8=Q+
Kc6 54. Qf6 Kd7 55. Qd4+ 1-0

[Event "Titled Tue 24th Jun Early"]
[Site "chess.com INT"]
[Date "2025.06.24"]
[Round "4"]
[White "Cherepov, Alexej"]
[Black "Golsta, Madara"]
[Result "1/2-1/2"]
[WhiteTitle "CM"]
[WhiteElo "2083"]
[BlackElo "2008"]
[WhiteFideId "13503650"]
[BlackFideId "11607386"]
[EventDate "2025.06.24"]

1. d4 d5 2. c4 dxc4 3. e4 e5 4. Nf3 exd4 5. Bxc4 Nc6 6. O-O Be7 7. Nbd2 Nf6 8.
e5 Ng4 9. Qe2 O-O 10. Nb3 d3 11. Bxd3 Ngxe5 12. Nxe5 Nxe5 13. Bxh7+ Kxh7 14.
Qxe5 Bf6 15. Qh5+ Kg8 16. Rd1 Qe7 17. Be3 Qe5 18. Qxe5 Bxe5 19. Bd4 Bxd4 20.
Rxd4 b6 21. Rad1 c5 22. Rd6 Be6 23. Nc1 Rfe8 24. f3 Kf8 25. Kf2 Ke7 26. a3 Red8
27. Rxd8 Rxd8 28. Rxd8 Kxd8 29. Ke3 Kd7 30. Ne2 Kd6 31. Nc3 a6 32. a4 Kc6 33. h4
b5 34. axb5+ axb5 35. h5 b4 36. Ne4 Kd5 37. g4 c4 38. Ng3 Bc8 39. g5 Ke5 40. f4+
Ke6 41. Kd4 Ba6 42. f5+ Ke7 43. Ne4 c3 44. bxc3 b3 45. Nd2 b2 46. c4 f6 47. h6
gxh6 48. gxh6 Kf7 49. Kc3 Kg8 50. Kxb2 Kh7 51. Kc3 Kxh6 52. Ne4 Kh5 53. Kb4 Kg4
54. c5 Kxf5 55. Nxf6 Kxf6 56. Ka5 Bc8 57. Kb6 Bg4 58. c6 Ke7 59. c7 Kd6 60. c8=Q
Bxc8 1/2-1/2

[Event "Titled Tue 24th Jun Early"]
[Site "chess.com INT"]
[Date "2025.06.24"]
[Round "4"]
[White "Modric, Nesa"]
[Black "Dinesh, Rajan M"]
[Result "1/2-1/2"]
[WhiteTitle "CM"]
[BlackTitle "CM"]
[WhiteElo "2088"]
[BlackElo "2133"]
[WhiteFideId "922579"]
[BlackFideId "35060600"]
[EventDate "2025.06.24"]

1. d4 Nf6 2. Bg5 c5 3. Bxf6 exf6 4. d5 d6 5. e4 g6 6. Nf3 Bg7 7. Nc3 O-O 8. Bd3
Re8 9. O-O Bg4 10. h3 Bxf3 11. Qxf3 Nd7 12. Qg3 f5 13. exf5 Qb6 14. fxg6 hxg6
15. Nb5 a6 16. Nxd6 Be5 17. Nc4 Bxg3 18. Nxb6 Nxb6 19. fxg3 c4 20. Rf6 Nxd5 21.
Rd6 Ne3 22. Bf1 b5 23. c3 Nf5 24. Rd7 Nxg3 25. Rad1 Ne4 26. g4 Kg7 27. Bg2 Rab8
28. Bxe4 Rxe4 29. Rf1 Rf8 30. Rf2 Re6 31. Kg2 g5 32. Rd5 Kg6 33. Rd7 f6 34. Rfd2
Re1 35. a4 bxa4 36. R7d6 a3 37. bxa3 Re3 38. Rxa6 Rxc3 39. a4 Rc1 40. Rc6 c3 41.
Rf2 Kg7 42. a5 Ra8 43. a6 Ra7 44. Rfxf6 c2 45. Rf2 Ra1 46. Rfxc2 R1xa6 47. Rxa6
Rxa6 48. Rc5 Kf6 49. Rc3 Kg6 50. Kg3 Rb6 51. h4 gxh4+ 52. Kxh4 Ra6 53. Rd3 Rb6
54. Rc3 Ra6 55. Rd3 Re6 56. Rc3 Re1 57. Rf3 Rh1+ 58. Kg3 Ra1 59. Kh4 Rh1+ 60.
Kg3 Rd1 61. Kh4 Rd8 62. Kg3 Kg5 63. Rf5+ Kg6 64. Rc5 Rd6 65. Kf4 Ra6 66. Re5
Ra4+ 67. Re4 Ra6 68. Re5 Rf6+ 69. Kg3 Ra6 70. Re3 Ra5 71. Rf3 Kg5 72. Rf5+ Rxf5
73. gxf5 Kxf5 1/2-1/2

[Event "Titled Tue 24th Jun Early"]
[Site "chess.com INT"]
[Date "2025.06.24"]
[Round "4"]
[White "Askarov, Bakhtiyar"]
[Black "Ganzhurov, Roman"]
[Result "1-0"]
[WhiteTitle "IM"]
[BlackTitle "FM"]
[WhiteElo "2297"]
[BlackElo "2082"]
[WhiteFideId "13701100"]
[BlackFideId "4179501"]
[EventDate "2025.06.24"]

1. Nf3 g6 2. d4 Bg7 3. e4 d6 4. h3 Nd7 5. Bd3 e5 6. c3 Ne7 7. O-O O-O 8. Re1 c6
9. Nbd2 Re8 10. a4 Nf8 11. a5 Ne6 12. Nb3 Kh8 13. Ng5 Nxg5 14. Bxg5 Qc7 15. Qd2
Be6 16. Bc2 Ng8 17. dxe5 dxe5 18. Nc5 Bf6 19. Be3 Rad8 20. Nxe6 Rxe6 21. Qe2 b6
22. axb6 axb6 23. Ra6 c5 24. Bb3 Red6 25. Bd5 Kg7 26. Rea1 Ne7 27. Ra7 Qc8 28.
c4 R8d7 29. Ra8 Qc7 30. Qd2 h5 31. g4 hxg4 32. hxg4 Nxd5 33. cxd5 Rd8 34. R8a7
Qc8 35. Qe2 R6d7 36. R7a6 Qc7 37. Qb5 Rb8 38. Kg2 Bd8 39. g5 Rd6 40. f4 Qe7 41.
Qf1 Bc7 42. f5 gxf5 43. Qxf5 Rg6 44. Ra7 Rd8 45. Rb7 Rd7 46. Raa7 Qd6 47. Kf3
Re7 48. Qc8 Bd8 49. Rxe7 Bxe7 50. Ra8 Bf8 51. Qf5 Qc7 52. Rc8 Qa7 53. Rd8 Qa1
54. Rd7 Qf1+ 55. Bf2 Qh3+ 56. Qxh3 1-0

[Event "Titled Tue 24th Jun Early"]
[Site "chess.com INT"]
[Date "2025.06.24"]
[Round "4"]
[White "Gavarrete, Nahun"]
[Black "Levano Loayza, Adriano Jaffet"]
[Result "1-0"]
[WhiteTitle "FM"]
[BlackTitle "CM"]
[WhiteElo "2281"]
[BlackElo "2023"]
[WhiteFideId "8400709"]
[BlackFideId "3865584"]
[EventDate "2025.06.24"]

1. e4 c5 2. Nc3 d6 3. g3 g6 4. Bg2 Nc6 5. Nge2 Bg7 6. O-O Nf6 7. d3 O-O 8. h3
Rb8 9. a4 Nd7 10. Be3 a6 11. d4 cxd4 12. Nxd4 Qc7 13. Nd5 Qd8 14. Rb1 Nc5 15. b3
e6 16. Nc3 Qc7 17. Nce2 b5 18. Nxc6 Qxc6 19. e5 d5 20. Nd4 Qc7 21. f4 bxa4 22.
bxa4 Rxb1 23. Qxb1 Nxa4 24. Qb4 Bd7 25. Ra1 Rb8 26. Qd2 Rb2 27. Bf1 f6 28. exf6
Bxf6 29. Bxa6 e5 30. fxe5 Bxe5 31. Bd3 Bxg3 32. Qc1 Qe5 33. Nf3 Qf6 34. Be2 Rxc2
35. Qxc2 Qxa1+ 36. Kg2 Bd6 37. Qd3 Nb6 38. Bxb6 Be6 39. Bd4 Qa8 40. Qe3 Qc8 41.
Ne5 Qf8 42. Bf3 Qf5 43. Bg4 Qf6 44. Nf3 Bf4 45. Qxe6+ Qxe6 46. Bxe6+ Kf8 47.
Bxd5 h5 48. Be4 g5 49. Kf2 g4 50. hxg4 hxg4 51. Ne5 Ke8 52. Nxg4 Kd8 53. Kf3 Bc7
54. Bc5 Kd7 55. Bd5 Bd6 56. Bd4 Kc7 57. Ke4 Bg3 58. Nf6 Kd8 59. Kf5 Kc7 60. Ke6
Bh2 61. Bc5 Bg3 62. Ne8+ Kd8 63. Bc6 Bh2 64. Nd6 Bg3 65. Bb6# 1-0

[Event "Titled Tue 24th Jun Early"]
[Site "chess.com INT"]
[Date "2025.06.24"]
[Round "4"]
[White "Hury, Tymoteusz"]
[Black "Lowinger, Daniel"]
[Result "0-1"]
[WhiteTitle "CM"]
[WhiteElo "2115"]
[BlackElo "2086"]
[WhiteFideId "21839328"]
[BlackFideId "2005557"]
[EventDate "2025.06.24"]

1. e4 c5 2. Nf3 Nc6 3. Nc3 Nf6 4. d4 cxd4 5. Nxd4 e5 6. Ndb5 d6 7. Bg5 a6 8. Na3
b5 9. Nd5 Be7 10. Bxf6 Bxf6 11. c4 b4 12. Nc2 a5 13. g3 O-O 14. Bg2 Be6 15. O-O
Rb8 16. b3 Kh8 17. Qd3 Bg5 18. f4 exf4 19. gxf4 Bh6 20. Nce3 f6 21. Rad1 Qd7 22.
Kh1 g6 23. Nc2 Bg7 24. f5 Bf7 25. Nd4 Ne5 26. Qh3 Rbe8 27. Rde1 g5 28. Qe3 Kg8
29. Nf3 h5 30. Nxe5 Rxe5 31. Rd1 Bxd5 32. Rxd5 Rfe8 33. Qd3 Rxd5 34. Qxd5+ Kh7
35. Rd1 Re5 36. Qxd6 Qxd6 37. Rxd6 g4 38. Rd5 Kh6 39. c5 Bf8 40. c6 Rxd5 41.
exd5 Bd6 42. h3 Kg5 43. hxg4 hxg4 44. Be4 Kf4 45. Bd3 Ke5 46. Bc4 Kxf5 47. Kg2
Kf4 48. Bd3 f5 49. Bc2 Ke5 50. Bd3 f4 51. Bc4 Kd4 52. Be2 f3+ 53. Bxf3 gxf3+ 54.
Kxf3 Kxd5 55. c7 Bxc7 56. Ke3 Kc5 57. Kd3 Bd6 58. Ke4 Bc7 59. Kd3 Kd5 60. Ke3
Be5 61. Kd3 Bc3 62. Ke3 Ke5 63. Kd3 Kf4 64. Kc4 Ke3 65. Kb5 Kd2 66. Kxa5 Kc2 67.
Ka4 Kb2 68. a3 bxa3 69. b4 a2 0-1

[Event "Titled Tue 24th Jun Early"]
[Site "chess.com INT"]
[Date "2025.06.24"]
[Round "4"]
[White "Chigaev, Maksim"]
[Black "Firouzja, Alireza"]
[Result "0-1"]
[WhiteTitle "GM"]
[BlackTitle "GM"]
[WhiteElo "2635"]
[BlackElo "2766"]
[WhiteFideId "4108116"]
[BlackFideId "12573981"]
[EventDate "2025.06.24"]

1. d4 Nf6 2. Bg5 c5 3. Bxf6 gxf6 4. d5 Qb6 5. Qc1 f5 6. g3 Bg7 7. c3 d6 8. Bg2
Nd7 9. Nd2 Nf6 10. Qc2 Bd7 11. Nh3 h5 12. Nf4 h4 13. Nc4 Qb5 14. Ne3 Bh6 15. a4
Qb6 16. Nc4 Qa6 17. Ne3 Bxf4 18. gxf4 e6 19. Qd3 Qxd3 20. exd3 Nh5 21. dxe6 fxe6
22. Bxb7 Rb8 23. Ba6 Nxf4 24. Ra2 Rg8 25. Kd2 d5 26. Re1 Kf7 27. Bb5 Bc8 28. d4
c4 29. b3 a6 30. bxc4 axb5 31. cxb5 Bd7 32. Rb1 Rb6 33. c4 Ra8 34. Rbb2 dxc4 35.
Nxc4 Rbb8 36. a5 Ke7 37. b6 Ra6 38. Ne5 Be8 39. Rc2 Kf6 40. Rcb2 h3 41. Ke3 Nd5+
42. Kd2 Ne7 43. Nd3 Nc6 44. Nc5 Rxa5 45. b7 Ke7 46. Kc3 Kd6 47. f4 Kd5 48. Rxa5
Nxa5 49. Rb6 Bc6 50. Ra6 Nxb7 51. Rb6 Rc8 52. Nd3 Bb5+ 53. Kd2 Bxd3 54. Kxd3 Nd6
55. Ra6 Ne4 56. Ra5+ Kd6 57. Ra6+ Ke7 58. d5 exd5 59. Kd4 Rd8 60. Ke5 d4 61.
Kxf5 d3 62. Re6+ Kf7 63. Rxe4 0-1

[Event "Titled Tue 24th Jun Early"]
[Site "chess.com INT"]
[Date "2025.06.24"]
[Round "4"]
[White "Aarit Kapil"]
[Black "Garcia Garcia, Adrian Antonio"]
[Result "1-0"]
[WhiteTitle "CM"]
[BlackTitle "CM"]
[WhiteElo "2078"]
[BlackElo "2157"]
[WhiteFideId "33408947"]
[BlackFideId "2206587"]
[EventDate "2025.06.24"]

1. e4 e5 2. Nf3 d6 3. d4 exd4 4. Nxd4 a6 5. c4 Nf6 6. Nc3 g6 7. Bg5 Bg7 8. Nd5
h6 9. Bxf6 Bxf6 10. Nxf6+ Qxf6 11. Qd2 Nc6 12. Ne2 Be6 13. Nc3 O-O-O 14. O-O-O
Rhe8 15. f4 Bg4 16. Re1 Qd4 17. h3 Qxd2+ 18. Kxd2 Be6 19. g4 Rh8 20. f5 gxf5 21.
exf5 Bd7 22. Nd5 Ne5 23. Be2 c6 24. Nc3 Kc7 25. Rhf1 b5 26. cxb5 axb5 27. Rc1
Kb6 28. a4 b4 29. Ne4 Bc8 30. Ra1 Ba6 31. a5+ Kb7 32. Rfe1 Bxe2 33. Rxe2 Nf3+
34. Kd3 c5 35. Re3 Ne5+ 36. Kc2 Kc6 37. a6 c4 38. a7 Nd7 39. Ra6+ Kb7 40. Rxd6
Nb6 41. Nc5+ Kc7 42. Rxd8 b3+ 43. Kc3 Rxd8 44. Re1 Kc6 45. Na6 Rd3+ 46. Kb4 Kb7
47. Nc5+ Kxa7 48. Nxd3 cxd3 49. Kc3 d2 50. Kxd2 Nd5 51. Re5 Nf4 52. Re3 Kb6 53.
Rxb3+ Kc5 54. Rf3 Nd5 55. Re3 Nf6 56. Re7 Nd5 57. Rxf7 Kd4 58. Rh7 Nf4 59. Rxh6
Ke5 60. Ke3 Nd5+ 61. Kf3 Nb4 62. Re6+ Kd5 63. h4 Nc2 64. h5 Nd4+ 65. Kf4 Nxe6+
66. fxe6 Kxe6 67. Kg5 Kf7 68. b4 1-0

[Event "Titled Tue 24th Jun Early"]
[Site "chess.com INT"]
[Date "2025.06.24"]
[Round "4"]
[White "Norman, Kseniya"]
[Black "Keatinge-Clay, Adrian"]
[Result "1-0"]
[WhiteTitle "WFM"]
[BlackTitle "FM"]
[WhiteElo "2069"]
[BlackElo "2232"]
[WhiteFideId "13518780"]
[BlackFideId "2011867"]
[EventDate "2025.06.24"]

1. Nf3 d5 2. e3 c5 3. c4 Nf6 4. b3 Nc6 5. cxd5 Nxd5 6. Bb2 Bg4 7. Be2 e6 8. O-O
Qa5 9. Nc3 Rd8 10. Qb1 Bxf3 11. Bxf3 Ndb4 12. Ne4 f6 13. Bh5+ Kd7 14. Rd1 Kc8
15. Be2 Be7 16. Bc4 Nd5 17. a3 Kb8 18. d4 cxd4 19. exd4 Nc7 20. Bc3 Qf5 21. Bd3
Qg4 22. h3 Qh4 23. Qb2 Nd5 24. Bd2 g5 25. b4 g4 26. hxg4 Qxg4 27. b5 Nxd4 28.
Qxd4 Nf4 29. Bxf4+ Qxf4 30. Qe3 Qe5 31. Qg3 Rhg8 32. Qxe5+ fxe5 33. Bc4 Rd4 34.
Rxd4 exd4 35. Bxe6 Rg6 36. Bf5 Rb6 37. a4 Bb4 38. Ng3 a6 39. Bd3 Rd6 40. Nf5 Rd5
41. bxa6 bxa6 42. g4 a5 43. Rc1 Re5 44. Rc6 Kb7 45. Rh6 Re1+ 46. Kg2 Ra1 47.
Rxh7+ Kc6 48. Bb5+ Kd5 49. Rd7+ Ke4 50. Rxd4+ Ke5 51. f4+ Ke6 52. Ne3 Ra2+ 53.
Kf3 Rh2 54. Bc4+ Kf6 55. Ke4 Rb2 56. Nd5+ Kf7 57. Nxb4+ Kf6 58. Nc6 Re2+ 59. Kf3
Rb2 60. g5+ Kg6 61. Bd3+ Kf7 62. Ne5+ Ke6 63. Ke4 Ra2 64. f5+ Ke7 65. Nc6+ Ke8
66. Ke5 Ra3 67. Ke6 Kf8 68. f6 Kg8 69. Rd8# 1-0

[Event "Titled Tue 24th Jun Early"]
[Site "chess.com INT"]
[Date "2025.06.24"]
[Round "4"]
[White "Suvradeepta, Das"]
[Black "Zepeda Berlanga, Jan Enrique"]
[Result "1-0"]
[WhiteTitle "FM"]
[BlackTitle "CM"]
[WhiteElo "2230"]
[BlackElo "1984"]
[WhiteFideId "5058031"]
[BlackFideId "5132355"]
[EventDate "2025.06.24"]

1. Nf3 Nf6 2. d4 d5 3. g3 g6 4. Bg2 Bg7 5. O-O O-O 6. b3 c5 7. Bb2 Ne4 8. Nbd2
Nc6 9. c3 Bf5 10. Re1 cxd4 11. cxd4 Qb6 12. e3 Rac8 13. Nh4 Nb4 14. Nxf5 gxf5
15. Nxe4 fxe4 16. Re2 Nd3 17. Rd2 e6 18. Bf1 Nb4 19. Ba3 Rc7 20. Bxb4 Qxb4 21.
Rc2 Rfc8 22. Rac1 Qb6 23. h4 Bf8 24. h5 h6 25. Kg2 Ba3 26. Rxc7 Rxc7 27. Rxc7
Qxc7 28. Qg4+ Kh7 29. Bb5 Qe7 30. Qf4 Bd6 31. Qg4 Qg5 32. Qxg5 hxg5 33. f3 exf3+
34. Kxf3 b6 35. g4 Kh6 36. Be8 f5 37. Bf7 fxg4+ 38. Kxg4 e5 39. Bxd5 exd4 40.
exd4 Bb4 41. Be6 Bd2 42. Bf7 Bf4 43. Kf5 Kg7 44. Be6 a5 45. d5 Kf8 46. Kg6 Ke7
47. h6 g4 48. h7 Be5 49. Bxg4 Kd6 50. Be6 b5 51. Kf7 a4 52. Kg8 a3 53. h8=Q Bxh8
54. Kxh8 1-0

[Event "Titled Tue 24th Jun Early"]
[Site "chess.com INT"]
[Date "2025.06.24"]
[Round "4"]
[White "Akshat Sureka"]
[Black "Ambartsumova, Karina"]
[Result "0-1"]
[WhiteTitle "FM"]
[BlackTitle "IM"]
[WhiteElo "2339"]
[BlackElo "2403"]
[WhiteFideId "25774492"]
[BlackFideId "4166299"]
[EventDate "2025.06.24"]

1. c4 e6 2. Nf3 Nf6 3. e3 d5 4. b3 Be7 5. Bb2 b6 6. Be2 Bb7 7. O-O Nbd7 8. d3
O-O 9. Nbd2 c5 10. cxd5 Nxd5 11. a3 Rc8 12. Rc1 Bf6 13. Qc2 Qe7 14. Nc4 Bxb2 15.
Qxb2 Rfd8 16. Rfd1 N5f6 17. Nce5 Nxe5 18. Nxe5 Bd5 19. b4 Bb7 20. bxc5 Rxc5 21.
Rxc5 Qxc5 22. Rc1 Qd6 23. Qc3 Nd5 24. Qb2 f6 25. Nc4 Qe7 26. Bf3 Rc8 27. Nd2 Rc7
28. Rxc7 Qxc7 29. Nc4 Qc5 30. h3 Ba6 31. Qd4 Qxd4 32. exd4 Nf4 33. Nd6 Kf8 34.
d5 Nxd5 35. Bxd5 exd5 36. Nf5 Kf7 37. d4 g6 38. Ne3 Ke6 39. f4 Bd3 40. Kf2 a5
41. g4 g5 42. f5+ Kd6 43. Ke1 b5 44. Kd2 Be4 45. Kc3 Kc6 46. Kd2 b4 47. axb4
axb4 48. Kc1 Kb5 49. Kb2 Ka4 50. Ka2 b3+ 51. Kb2 Kb4 52. h4 gxh4 53. g5 fxg5 54.
f6 Bg6 55. Nxd5+ Kc4 56. Ne7 Bf7 57. d5 Kc5 0-1

[Event "Titled Tue 24th Jun Early"]
[Site "chess.com INT"]
[Date "2025.06.24"]
[Round "4"]
[White "Domin, Yan"]
[Black "Bezuch, Martin"]
[Result "1-0"]
[WhiteTitle "FM"]
[BlackTitle "FM"]
[WhiteElo "2222"]
[BlackElo "2238"]
[WhiteFideId "34169342"]
[BlackFideId "14906333"]
[EventDate "2025.06.24"]

1. e4 g6 2. d4 Bg7 3. Nc3 d6 4. Be3 a6 5. Qd2 b5 6. f3 Bb7 7. h4 h5 8. Nh3 Nd7
9. Ng5 Rc8 10. O-O-O c5 11. Kb1 Qa5 12. Qf2 b4 13. Ne2 c4 14. g3 Nb6 15. Bh3 Rb8
16. d5 Na4 17. Bd4 Nf6 18. b3 Nc3+ 19. Nxc3 bxc3 20. Qe1 cxb3 21. axb3 O-O 22.
Qxc3 Qb5 23. Qd3 Qb4 24. Bc3 Qb6 25. Rhe1 Bc8 26. Bd4 Qb7 27. e5 Nxd5 28. exd6
Bxh3 29. Bxg7 Kxg7 30. Qxd5 Bf5 31. dxe7 Rfe8 32. Qe5+ Kg8 33. Ne4 a5 34. g4
Bxe4 35. Rxe4 a4 36. b4 a3 37. gxh5 Qc6 38. h6 f6 39. Qd5+ Qxd5 40. Rxd5 f5 41.
Rc4 Kf7 42. Ka2 Rb7 43. Kxa3 Rbxe7 44. Kb3 Re3+ 45. Rc3 Rxc3+ 46. Kxc3 Re3+ 47.
Rd3 Re8 48. Rd7+ Kf6 49. Rg7 Rh8 50. Rc7 Rxh6 51. b5 Rxh4 52. b6 Rh3 53. b7
Rxf3+ 54. Kb4 Rf4+ 55. Rc4 Rf1 56. Kc5 Rb1 57. Rb4 Rc1 58. b8=Q Rxc2+ 59. Kb6
Re2 60. Qh8+ Kg5 61. Qh4# 1-0

[Event "Titled Tue 24th Jun Early"]
[Site "chess.com INT"]
[Date "2025.06.24"]
[Round "4"]
[White "Przybylski, Bartosz"]
[Black "Dehtiarov, Roman"]
[Result "1-0"]
[WhiteTitle "CM"]
[BlackTitle "FM"]
[WhiteElo "2101"]
[BlackElo "2416"]
[WhiteFideId "21878323"]
[BlackFideId "14186640"]
[EventDate "2025.06.24"]

1. e4 e5 2. Bc4 Nf6 3. d3 Nc6 4. Nc3 Bb4 5. Ne2 d5 6. exd5 Nxd5 7. O-O Nb6 8.
Bb3 O-O 9. a3 Be7 10. f4 Bg4 11. Qe1 Bh4 12. g3 Bf6 13. Ne4 Bxe2 14. Qxe2 Nd4
15. Nxf6+ Qxf6 16. Qxe5 Qxe5 17. fxe5 Nxb3 18. cxb3 Rad8 19. Rd1 Rfe8 20. Bf4 h6
21. d4 c6 22. Be3 f6 23. Bf2 f5 24. Rac1 Kf7 25. b4 a6 26. b3 Nd5 27. Rc5 Ke6
28. Rdc1 g5 29. R5c4 h5 30. a4 f4 31. b5 axb5 32. axb5 cxb5 33. Rc5 b4 34. Rb5
Rc8 35. Rc4 b6 36. Kg2 Rf8 37. Kh3 Rfd8 38. gxf4 Nxf4+ 39. Kg3 Nd5 40. h4 Rg8
41. Rxc8 Rxc8 42. hxg5 Rc3+ 43. Kh4 Nf4 44. Rxb6+ Kf5 45. Rf6+ Ke4 46. g6 Rh3+
47. Kg5 Nd5 48. g7 Rh2 49. Bg3 Rg2 50. Kh4 Ne7 51. Rf7 Ng8 52. Rf8 Nh6 53. g8=Q
Nxg8 54. Rxg8 Rb2 55. e6 Kd5 56. e7 Re2 57. e8=Q Rxe8 58. Rxe8 Kxd4 59. Rc8 1-0

[Event "Titled Tue 24th Jun Early"]
[Site "chess.com INT"]
[Date "2025.06.24"]
[Round "4"]
[White "Fiorito, Francisco"]
[Black "Gaal, Zsoka"]
[Result "1/2-1/2"]
[WhiteTitle "IM"]
[BlackTitle "WGM"]
[WhiteElo "2433"]
[BlackElo "2391"]
[WhiteFideId "180165"]
[BlackFideId "777765"]
[EventDate "2025.06.24"]

1. Nf3 g6 2. c4 c5 3. d4 cxd4 4. Nxd4 Bg7 5. e4 Nc6 6. Be3 Nf6 7. Nc3 d6 8. Be2
O-O 9. O-O Bd7 10. Qd2 Nxd4 11. Bxd4 Bc6 12. f3 a5 13. Rac1 Nd7 14. Be3 Nc5 15.
b3 Qb6 16. Rfd1 Rfc8 17. h4 Qb4 18. Nd5 Qxd2 19. Rxd2 Bxd5 20. cxd5 a4 21. bxa4
Nxa4 22. Rdc2 Rxc2 23. Rxc2 Nc3 24. Bc4 b5 25. Bb3 b4 26. Kf1 h5 27. g3 Be5 28.
Kg2 Nb5 29. f4 Bc3 30. Kf3 Na3 31. Rg2 Rc8 32. g4 hxg4+ 33. Rxg4 Kh7 34. Rg2 Bf6
35. Rh2 Rc3 36. h5 gxh5 37. Rxh5+ Kg6 38. Rh2 Bd4 39. Re2 Nb5 40. Kf2 Rxe3 41.
Rxe3 Nc3 42. Kf3 Bxe3 43. Kxe3 f5 44. e5 Kh5 45. Bc2 Kg4 46. Bb3 Nb5 47. Ba4 Nc3
48. Bb3 Nb1 49. exd6 exd6 50. Bd1+ Kg3 51. Bc2 Nc3 52. Bxf5 Nxa2 53. Bc2 Nc3 54.
f5 Nxd5+ 55. Kd4 Nf6 56. Kc4 Kf4 57. Kxb4 Ke5 58. Kc4 d5+ 59. Kc5 d4 60. Kc4 Ng4
61. Bd3 Ne3+ 62. Kc5 Nxf5 63. Bxf5 Kxf5 64. Kxd4 1/2-1/2

[Event "Titled Tue 24th Jun Early"]
[Site "chess.com INT"]
[Date "2025.06.24"]
[Round "4"]
[White "Wahedi, Ahmad Siar"]
[Black "Fizer, Marek"]
[Result "1-0"]
[WhiteTitle "FM"]
[BlackTitle "CM"]
[WhiteElo "2239"]
[BlackElo "2186"]
[WhiteFideId "4651260"]
[BlackFideId "391980"]
[EventDate "2025.06.24"]

1. e4 c5 2. Nf3 d6 3. d4 cxd4 4. Nxd4 Nf6 5. Nc3 Nc6 6. Bc4 e6 7. Bb3 Be7 8. O-O
O-O 9. Kh1 a6 10. f4 Nxd4 11. Qxd4 b5 12. Be3 Bb7 13. Rad1 Rc8 14. f5 e5 15. Qd3
Rxc3 16. bxc3 Bxe4 17. Qe2 Qc7 18. Bg5 Bb7 19. Bxf6 Bxf6 20. c4 b4 21. Qd2 Qc6
22. Rf2 h5 23. Qxd6 Rd8 24. Qxd8+ Bxd8 25. Rxd8+ Kh7 26. f6 gxf6 27. c5 h4 28.
Rd6 Qxc5 29. Rdxf6 Bd5 30. Bxd5 Qxd5 31. Rxf7+ Kg6 32. R7f6+ Kg7 33. h3 Qxa2 34.
R6f5 e4 35. R2f4 e3 36. Rg4+ Kh6 37. Rf6+ Kh7 38. Rf5 Qa1+ 39. Kh2 Kh6 40. Re4
Qe1 41. Rf3 e2 42. Rfe3 a5 43. Rxe2 Qg3+ 44. Kg1 Qc3 45. Rxh4+ Kg5 46. Rg4+ Kf6
47. Rf2+ Ke6 48. Rg6+ Ke5 49. Rg5+ Ke6 50. Rxa5 b3 51. Ra6+ Ke5 52. cxb3 Qxb3
53. Raf6 Qb1+ 54. Rf1 Qb8 55. R6f3 Qb6+ 56. Kh1 Qd6 57. Rg3 Qb4 58. Rg4 Qd2 59.
Rg1 Qe2 60. Rg3 Kf5 61. Rf3+ Ke5 62. h4 Qd2 63. Rh3 Qd8 64. h5 Kf4 65. h6 Qh8
66. h7 Kg4 67. Rf1 Kg5 68. Rff3 Kg6 69. Rfg3+ Kf7 70. Rg8 Qa1+ 71. Kh2 Qe5+ 72.
Rgg3 Qh8 73. Rg5 Kf6 74. Rg8 1-0

[Event "Titled Tue 24th Jun Early"]
[Site "chess.com INT"]
[Date "2025.06.24"]
[Round "4"]
[White "Liu, Xiangyi"]
[Black "Mayank, Chakraborty"]
[Result "1/2-1/2"]
[WhiteTitle "IM"]
[BlackTitle "IM"]
[WhiteElo "2370"]
[BlackElo "2457"]
[WhiteFideId "8605718"]
[BlackFideId "25659766"]
[EventDate "2025.06.24"]

1. e4 e5 2. Nf3 Nc6 3. Nc3 Nf6 4. Bb5 Nd4 5. Nxe5 Nxb5 6. Nxb5 c6 7. Nc3 Qe7 8.
f4 d6 9. Nf3 Nxe4 10. O-O Nxc3 11. dxc3 Qc7 12. Re1+ Be7 13. Qe2 Bg4 14. f5 Bxf3
15. gxf3 Kf8 16. Bf4 Rd8 17. Rad1 Qd7 18. c4 h5 19. Kh1 d5 20. cxd5 cxd5 21. c3
Bf6 22. Qd3 h4 23. Be5 Rh5 24. Bxf6 gxf6 25. Qe3 Kg7 26. Rg1+ Kh7 27. Rdf1 Qd6
28. Rg4 Qe5 29. Qxa7 Rg8 30. Rxg8 Kxg8 31. Qa8+ Kh7 32. Qxb7 Qxf5 33. Qxf7+ Kh6
34. Qf8+ Kh7 35. Qe7+ Kh6 36. Qe3+ Kh7 37. Re1 Rg5 38. f4 Rg7 39. Qf3 h3 40. Rd1
Rg2 41. Qxd5 Qxd5 42. Rxd5 Rxb2 43. Rh5+ Kg6 44. Rxh3 Rxa2 45. Rd3 Kf5 46. Rd4
Kg4 47. c4 Kf3 48. Rd1 Rc2 49. Rf1+ Kg4 50. f5 Rxc4 51. Kg2 Rc2+ 52. Rf2 Rxf2+
53. Kxf2 Kxf5 54. Kf3 Kg5 55. Kg3 f5 56. Kf3 Kh5 57. Kf4 Kh4 58. Kxf5 Kh3 59.
Kf4 Kxh2 1/2-1/2